MARC

LEADER 00000nam0a2200000 4500
001 196974
005 20231031183315.0
035 |a (RuTPU)RU\TPU\book\214868 
035 |a RU\TPU\book\213887 
090 |a 196974 
100 |a 20110602d1980 k y0rusy50 ca 
101 0 |a rus 
102 |a RU 
105 |a a z 001zy 
200 1 |a Гидролиз растительного сырья  |e сборник трудов  |f Всесоюзный научно-исследовательский институт гидролиза растительных материалов (ВНИИГидролиз) ; отв. ред. Л. Н. Краев 
210 |a Ленинград  |c Изд-во ВНИИгидролиз  |d 1980 
215 |a 163 с.  |c ил. 
225 1 |a Сборник трудов Всесоюзного научно-исследовательского института гидролиза растительных материалов (ВНИИГидролиз)  |v Вып. 30 
320 |a Библиогр. в конце ст. 
320 |a Рефераты статей: с. 157-163. 
488 1 |0 (RuTPU)RU\TPU\book\213513  |t Сборник трудов Всесоюзного научно-исследовательского института гидролиза растительных материалов (ВНИИГидролиз)  |f Всесоюзный научно-исследовательский институт гидролиза растительных материалов (ВНИИГидролиз)  |c М.  |n Лесная промышленность  |d 1968-1989 
610 1 |a гидролизная промышленность 
610 1 |a растительные материалы 
610 1 |a биохимическая технология 
610 1 |a ректификация 
610 1 |a древесное сырье 
610 1 |a пиролиз 
675 |a 634.08 
702 1 |a Краев  |b Л. Н.  |4 340 
712 0 2 |a Всесоюзный научно-исследовательский институт гидролиза растительных материалов (ВНИИГидролиз)  |2 stltpush  |3 (RuTPU)RU\TPU\col\8602 
801 1 |a RU  |b 63413507  |c 20110518 
801 2 |a RU  |b 63413507  |c 20111012  |g RCR 
942 |c BK